O komunikačnom zámere a pláne

Obsahové vymedzenie komunikačného zámeru. Rozlišovanie komunikačných zámerov. Informácia. Aktivizačný komunikačný zámer. Vyjasňovanie. Funkčné väzby medzi komunikačným zámerom a komunikačným plánom. Formulovanie komunikačného zámeru a voľba komunikačního plánu.

Na minha lista:
Detalhes bibliográficos
Autor principal: Findra, Ján
Formato: Capítulo de Livro
Idioma:eslovaco
Assuntos:
Tags: Adicionar Tag
Sem tags, seja o primeiro a adicionar uma tag!

MARC

LEADER 00000naa a2200000 4500
001 r044052
005 20230927091425.7
041 0 |a slo 
044 |a SK 
245 1 0 |a O komunikačnom zámere a pláne  |c Ján Findra 
520 |a Obsahové vymedzenie komunikačného zámeru. Rozlišovanie komunikačných zámerov. Informácia. Aktivizačný komunikačný zámer. Vyjasňovanie. Funkčné väzby medzi komunikačným zámerom a komunikačným plánom. Formulovanie komunikačného zámeru a voľba komunikačního plánu. 
610 2 0 |a komunikácia 
610 2 0 |a informácie 
610 2 0 |a jazykoveda 
610 2 0 |a psychológia 
100 1 |a Findra, Ján